000 00668nam a2200241Ia 4500
003 OSt
005 20221007064206.0
006 a|||||r|||| 00| 0
007 ta
008 221006b |||||||| |||| 00| 0 eng d
024 _a26,150
037 _cTextual
040 _aFLL
_cFLL
_beng
041 _2eng
_aeng
082 _aZ73:9298y7, G5
100 _aFrankfurter Felix
_9152593
245 0 _aCases and materials on administrative law
250 _a2nd
260 _aChicago
_bThe Foundation Press, Inc. Chicago
_c1935
300 _axiii,1-651p
_ccm.
942 _hZ73:9298y7, G5
_cTEXL
_2CC
999 _c1133223
_d1133223